Gaming Quiz

Random Gaming or Video Games Quiz

Characters of : Mario & Sonic Olympic Games Quiz Stats

 Plays Quiz not verified by Sporcle

Also try: Fruit Ninja Fruit
Challenge
Share
Tweet
Embed
Score 0/16 Timer 05:00
0 Plays Today
Character % Correct
Sonic
97.7%
Mario
95.3%
Tails
95.3%
Luigi
93%
Peach
93%
Bowser
93%
Knuckles
93%
Shadow
93%
Character % Correct
Daisy
88.4%
Wario
88.4%
Waluigi
88.4%
Yoshi
88.4%
Amy
88.4%
Dr. Eggman
86%
Blaze
76.7%
Vector
74.4%

You're not logged in!

Compare scores with friends on all Sporcle quizzes.
Join for Free
OR
Log In

You Might Also Like...

Show Comments

Extras

Top Quizzes Today


Score Distribution

Your Account Isn't Verified!

In order to create a playlist on Sporcle, you need to verify the email address you used during registration. Go to your Sporcle Settings to finish the process.

Report this User

Report this user for behavior that violates our Community Guidelines.

Details: